000 00984nam a2200205Ii 4500
003 JO-AjNU
008 230605s9999||||xx |||||||||||||| ||und||
017 _a2005/5/1036
040 _aJO-AjNU
_bara
_erda
_cJO-AjNU
041 _aara
050 1 4 _aDS247.O65.M84 2005
100 3 _aتحرير: الجالودي، عليان عبد الفتاح ، محمد محمود الدروبي,
_eauthor
_935886
245 0 0 _aأعمال المؤتمر العلمي الثالث حول التحولات في المجتمع العماني الحديث والمعاصر نظمته وحدة الدراسات العمانية /جامعة آل البيت بالتعاون مع سفارة سلطنة عمان في الاردن
264 3 1 _aالمفرق: جامعة آل البيت، 2005
300 _a482ص
336 _atext
_btxt
_2rdacontent
337 _aunmediated
_bn
_2rdamedia
338 _avolume
_bnc
_2rdacarrier
650 4 _aعمان- سياسة اجتماعية- مؤتمرات
_935887
999 _aA14858
_c18426
_d18426